Estado y Desarrollo: el caso de Costa Rica
Kaydedildi:
| Yazar: | |
|---|---|
| Materyal Türü: | Metin |
| Dil: | Spanish |
| Baskı/Yayın Bilgisi: |
San José:
CostaRica. Asamblea Legislativa
|
| Online Erişim: | http://www.asamblea.go.cr/sd/Publicaciones_T_C/Estado%20y%20desarrollo%20el%20caso%20de%20Costa%20Rica.pdf |
| Etiketler: |
Etiketle
Etiket eklenmemiş, İlk siz ekleyin!
|
MARC
| LEADER | 00000 a a2200000 04500 | ||
|---|---|---|---|
| 001 | 23400 | ||
| 003 | cru CRAI/IIS | ||
| 005 | 20220819161607.0 | ||
| 008 | 220819b1998 cr ||||| |||| 00| 0 spa d | ||
| 020 | |a 9977-916-95-00 | ||
| 040 | |c cru CRAI/IIS | ||
| 090 | |a 162100 (04.04.01 F386e) | ||
| 100 | |a Ferraro Castro, Fernando | ||
| 245 | |a Estado y Desarrollo: el caso de Costa Rica | ||
| 260 | |a San José: |b CostaRica. Asamblea Legislativa | ||
| 300 | |a 234 p | ||
| 856 | |u http://www.asamblea.go.cr/sd/Publicaciones_T_C/Estado%20y%20desarrollo%20el%20caso%20de%20Costa%20Rica.pdf | ||
| 942 | |2 ddc |c LI | ||
| 999 | |c 5438 |d 5438 | ||
